Kabir Amrit Vani: (Record no. 22423)

MARC details
000 -LEADER
fixed length control field 00889nam a22002417a 4500
008 - FIXED-LENGTH DATA ELEMENTS--GENERAL INFORMATION
fixed length control field 090127t xxu||||| |||| 00| 0 eng d
010 ## - LCCN (DPL NO)
LC control number ENG-92605
020 ## - INTERNATIONAL STANDARD BOOK NUMBER
Terms of availability 125.00
035 ## - SYSTEM CONTROL NUMBER
System control number EN-76138
037 ## - SOURCE OF ACQUISITION
Source of stock number/acquisition DBAD / PUB
040 ## - CATALOGING SOURCE
Original cataloging agency dpl
Language of cataloging English
082 ## - DEWEY DECIMAL CLASSIFICATION NUMBER
Classification number 821
100 ## - MAIN ENTRY--PERSONAL NAME
Personal name Abhilash Das
245 ## - TITLE STATEMENT
Title Kabir Amrit Vani:
Statement of responsibility, etc by Abhilash Das; translated by Lakhi N. Paryani
Remainder of title (nectareal voice of Kabir) /
260 ## - PUBLICATION, DISTRIBUTION, ETC. (IMPRINT)
Place of publication, distribution, etc Allahabad
Name of publisher, distributor, etc KabirParakh Sansthan
Date of publication, distribution, etc 2005
270 ## - ADDRESS
Address Sant Kabir Marg, Pritam Nagar,
City Allahabad`
Postal code 211001
300 ## - PHYSICAL DESCRIPTION
Extent 327p.
Dimensions 22cm (Hb)
600 ## - SUBJECT ADDED ENTRY--PERSONAL NAME
Personal name Kabir, 15th cent.
650 ## - SUBJECT ADDED ENTRY--TOPICAL TERM
Topical term or geographic name as entry element Religious poetry, Hindi
General subdivision Translation into English.
700 ## - ADDED ENTRY--PERSONAL NAME
Personal name Lakhi N. Paryani
942 ## - ADDED ENTRY ELEMENTS (KOHA)
Source of classification or shelving scheme Dewey Decimal Classification
Item type English Books
Call number suffix ABH
Classification part 821
Holdings
Withdrawn status Lost status Source of classification or shelving scheme Damaged status Not for loan Collection code Home library Current library Date acquired Source of acquisition Cost, normal purchase price Total Checkouts Full call number Barcode Date last seen Copy number Cost, replacement price Koha item type
    Dewey Decimal Classification   Not For Loan Non-fiction D.B.Act.Division D.B.Act.Division 27/01/2009 DBAD / PUB 125.00   821 ABH EN-76138 27/01/2009 1 125.00 English Books

© Delhi Public Library
Hit Counter
free hit counter